Suburbio / (Record no. 31743)

MARC details
000 -LEADER
campo de control de longitud fija 00739nam a2200229 i 4500
001 - NÚMERO DE CONTROL
campo de control 31743
003 - IDENTIFICADOR DE NÚMERO DE CONTROL
campo de control ES-MaACL
005 - FECHA Y HORA DE LA ÚLTIMA TRANSACCIÓN
campo de control 20250824214550.0
007 - CAMPO FIJO DE DESCRIPCIÓN FÍSICA--INFORMACIÓN GENERAL
campo de control de longitud fija t|
008 - DATOS DE LONGITUD FIJA--INFORMACIÓN GENERAL
campo de control de longitud fija 030130s1968 sp ||||1| spa d
100 1# - ENTRADA PRINCIPAL--NOMBRE DE PERSONA
Nombre de persona Benguerel, Xavier,
Fechas asociadas al nombre 1905-1990
9 (RLIN) 27580
245 10 - MENCIÓN DEL TÍTULO
Título Suburbio /
Mención de responsabilidad, etc. Xavier Benguerel ; Prólogo de Joaquim Marco ; [traducción de Jaume Barnat Altés].
250 ## - MENCION DE EDICION
Mención de edición 2ª ed.
260 ## - PUBLICACIÓN, DISTRIBUCIÓN, ETC.
Lugar de publicación, distribución, etc. [Barcelona] :
Nombre del editor, distribuidor, etc. Nauta,
Fecha de publicación, distribución, etc. [1968]
300 ## - DESCRIPCIÓN FÍSICA
Extensión 299 p. ;
Dimensiones 19 cm.
490 1# - MENCIÓN DE SERIE
Mención de serie Los libros de la Veleta ;
Designación de volumen o secuencia 4
700 1# - ENTRADA AGREGADA--NOMBRE PERSONAL
Nombre de persona Marco, Joaquín,
Fechas asociadas al nombre 1935-2020
9 (RLIN) 76466
700 1# - ENTRADA AGREGADA--NOMBRE PERSONAL
Nombre de persona Barnat, Jaume.
9 (RLIN) 25707
830 04 - PUNTO DE ACCESO ADICIONAL DE SERIE-TÍTULO UNIFORME
Título uniforme Los libros de la veleta
Designación de volumen o secuencia 4
9 (RLIN) 192741
852 ## - LOCALIZACIÓN
Ubicación ES-MaACL
Número de control de estantería C-35487
Sublocalización o colección R.68388
Holdings
Estatus retirado Estado de pérdida Estado de daño No para préstamo Biblioteca de origen Biblioteca actual Ubicación en estantería Fecha de adquisición Fuente de adquisición Total de préstamos Signatura topográfica completa Código de barras Visto por última vez Precio de reemplazo Tipo de ítem Koha
        Biblioteca del Ateneo de Madrid Biblioteca del Ateneo de Madrid Depósito 2 17/01/2008     C-35487 1032819 23/02/2023 23/02/2023 Libro impreso